<?xml version="1.0" encoding="UTF-8"?>
<marc:record xmlns:marc="http://www.loc.gov/MARC21/slim">
   <marc:leader>00000nam a2200000 a 4500</marc:leader>
   <marc:datafield ind1="1" ind2=" " tag="100">
      <marc:subfield code="a">Horst, Jørn Lier</marc:subfield>
      <marc:subfield code="4">aut</marc:subfield>
      <marc:subfield code="e">Verfasser/-in</marc:subfield>
   </marc:datafield>
   <marc:datafield ind1="0" ind2="0" tag="245">
      <marc:subfield code="a">Winterfest</marc:subfield>
   </marc:datafield>
   <marc:datafield ind1="0" ind2="0" tag="245">
      <marc:subfield code="b">Kriminalroman</marc:subfield>
   </marc:datafield>
   <marc:datafield ind1="0" ind2="0" tag="245">
      <marc:subfield code="c">Jørn Lier Horst. Aus dem Norweg. von Dagmar Lendt</marc:subfield>
   </marc:datafield>
   <marc:datafield ind1=" " ind2="1" tag="264">
      <marc:subfield code="a">Dortmund</marc:subfield>
      <marc:subfield code="b">Grafit</marc:subfield>
      <marc:subfield code="c">2012</marc:subfield>
   </marc:datafield>
   <marc:datafield ind1="1" ind2=" " tag="520">
      <marc:subfield code="a">Angaben aus der Verlagsmeldung

Winterfest / von Jorn Lier Horst

Ove Bakkerud möchte eigentlich nur ein letztes Wochenende in seinem Sommerhaus am Meer verbringen, bevor er es winterfest macht. Doch bei seiner Ankunft findet er die Eingangstür aufgebrochen vor, die Hütte selbst ist von Einbrechern vollkommen verwüstet. Und es kommt noch schlimmer: In einer der Nachbarhütten entdeckt er eine grausam verstümmelte Leiche.
Hauptkommissar William Wisting hat von Anfang an den Eindruck, dass diesem Fall etwas Unheilvolles anhaftet: Auf dem Rückweg vom Fundort des Toten wird er überfallen, der Täter flieht unerkannt. Zu seinem Unmut quartiert sich seine Tochter Line, eine Kriminalreporterin, ausgerechnet in einem Ferienhaus unweit des Tatorts ein. Und dann fallen auch noch massenhaft tote Vögel vom Himmel, ohne dass es dafür irgendeine logische Erklärung gibt.
Als im Laufe der Ermittlungen Lines Wagen in mehreren Überwachungsvideos auftaucht, bekommt der Fall eine unerwartete und – für Wistings Geschmack – viel zu persönliche Wendung. Seine Tochter scheint in dieser Geschichte ein entscheidendes Puzzleteil zu sein …
</marc:subfield>
   </marc:datafield>
   <marc:datafield ind1=" " ind2=" " tag="020">
      <marc:subfield code="a">9783894256692</marc:subfield>
      <marc:subfield code="9">9783894256692</marc:subfield>
   </marc:datafield>
   <marc:datafield ind1=" " ind2=" " tag="020">
      <marc:subfield code="a">3894256699</marc:subfield>
      <marc:subfield code="9">3894256699</marc:subfield>
   </marc:datafield>
   <marc:datafield ind1=" " ind2=" " tag="041">
      <marc:subfield code="a">ger</marc:subfield>
   </marc:datafield>
   <marc:datafield ind1=" " ind2=" " tag="300">
      <marc:subfield code="a">346 S.</marc:subfield>
   </marc:datafield>
</marc:record>
